00709cam a2200205 a 450000100100000000500170001000800410002704000250006808200190009310000350011224500530014726000370020030000210023744000180025865000280027665000320030491000300033695201220036699900150048800000255520200929150219.0761026s1975 ve 001 f spa  aDO-SdBNPbspadBNPHU aV863.44bA629u1 aAntillano, Laura,d1950-9804910aUn carro largo se llama tren /cLaura Antillano. aCaracas :bMonte Ávila,c1975. a190 p. ;c19 cm. 0aDonaire98050 4aNovela venezolana93962 4aLiteratura venezolana93816 aJornada de catalogación 001052708MOaGRbGRcHDd2009-07-07iLF1l0oV863.44 A629up2555-10r2020-06-25w2020-06-25y2ZPréstamo interno c2391d2391